Ḥāfiẓ wa-Shawqī /

Saved in:

Main Author: Ḥusayn, Ṭāhā, 1889-1973 (Author)

Format: Book

Language: Arabic

Published: al-Qāhirah : al-Khānjī wa-Ḥamdān, [1933].

Subjects:

Tags: Add Tag

No Tags, Be the first to tag this record!

Call Number: PJ7828 .F5 T3 1933

LEADER 01168nam a2200265Ia 4500
003 OSt
005 20231129133348.0
008 130303s1933 ua b 000 0cara d
952 |0 0  |1 0  |2 lcc  |4 0  |6 PJ7828 F5 T3 01933  |7 1  |9 57196  |a ARCE  |b ARCE  |d 2023-11-29  |l 0  |o PJ7828 .F5 T3 1933  |p 1032417  |r 2023-11-29 00:00:00  |w 2023-11-29  |y BK 
999 |c 27790  |d 27790 
040 |c ARCE Library 
050 4 |a PJ7828 .F5 T3 1933 
100 1 |6 880-01  |a Ḥusayn, Ṭāhā,  |d 1889-1973,  |e author 
245 1 0 |6 880-02  |a Ḥāfiẓ wa-Shawqī /   |c Ṭāhā Ḥusayn. 
264 1 |a al-Qāhirah :   |b al-Khānjī wa-Ḥamdān,   |c [1933]. 
300 |a 199 pages ;  |c 20 cm. 
500 |a Introduction dated: 1933. 
504 |a Includes bibliographical references. 
600 1 0 |a Ḥāfiẓ Ibrāhīm, Muḥammad,  |d 1872?-1932  |x Criticism and interpretation. 
600 1 0 |a Shawqī, Aḥmad,  |d 1868-1932  |x Criticism and interpretation. 
650 0 |a Arabic literature  |y 20th century  |x History and criticism. 
880 1 |6 100-01/(3/r  |a حسين، طه،‪‪‪‪‪‪‪‪‪‪‪‪‪‪‪‪‪  |d 1889-1973. 
880 1 0 |6 245-02/(3/r  |a حافظ و شوقي   |c طه حسين 
901 |a reviewed 
942 |c BK  |2 lcc